Walking Across Borders: Portugal to South Africa - Statistics

General Stats
  • This quiz has been taken 94 times
  • The average score is 15 of 16
Answer Stats
Depart from... Direction Arrive in... % Correct
Spain Head north, across the Pyrenees Mountains France
100%
Portugal Head east, up stream the Tagus River Spain
100%
France Head east, across the Rhine River Germany
99%
Poland Head east, across the Bug River Belarus
98%
Germany Head east, across the Oder River Poland
98%
Belarus Head east, up stream the Dnieper River Russia
98%
Russia Head south, across the Caucasus Mountains, near Mount Elbrus Georgia
97%
Georgia Head southwest, across the Lesser Caucasus, towards Anatolia Turkey
97%
Turkey Head south, down stream the Euphrates River Syria
95%
Israel Head east, across the Sinai Peninsula and the Suez Canal Egypt
93%
Syria Head east, across the Golan Heights Israel
93%
Sudan Head south, up stream the White Nile River South Sudan
93%
Egypt Head south, up stream the Nile River Sudan
93%
South Sudan Head south, up stream the White Nile River Uganda
90%
Tanzania Head south, across the Rovuma River Mozambique
89%
Uganda Head south, along the western shore of Lake Victoria Tanzania
89%
No matching quizzes found
Score Distribution
Percent of People with Each Score
Percentile by Number Answered
Your Score History
You have not taken this quiz